000 00615nam a22001937a 4500
999 _c4510
_d4510
003 AR-CdUCM
008 190308b ||||| |||| 00| 0 esp d
040 _aMUNICIPALIDAD PROVINCIAL DEL CUSCO
_cBIBLIOTECA MUNICIPAL DEL CUSCO
082 _a828.87 /
_bSO68
100 _aSordo, Enrique
_914145
245 _aHemingway el fabuloso /
_cEnrique Sordo.
260 _aBarcelona :
_bG.P
_c1962
300 _a79 paginas ;
_c16 cm.
440 _aEnciclopedia popular ilustrada
_914067
500 _aDonación de la Familia Luis Nieto.
650 _aNovelista norte americano
_914146
942 _2ddc
_cLIBROS
945 _aacrt